000 00818nam a2200241 i 4500
001 102652
003 ES-MaACL
005 20230906183143.0
007 t|
008 051124s1976 pr ||||1| spa d
080 _a821.134.2(729.5).09
100 1 _aRivera Avilés, Sotero.
_997632
245 1 3 _aLa generación del 60
_b: aproximación a tres autores /
_cSotero Rivera Avilés.
250 _a1ª ed.
260 _aSan Juan de Puerto Rico :
_bInstituto de Cultura Puertorriqueña,
_c1976.
300 _a82 p. :
_bil. ;
_c18 cm.
490 1 _aLiteratura hoy ;
_v7
650 1 4 _aLiteratura puertorriqueña-
_xHistoria y crítica.
_914653
710 2 _aInstituto de Cultura Puertorriqueña.
_94858
830 0 _aLiteratura hoy ;
_v7
_9184782
852 _aES-MaACL
_jE-11169
_bR.136858
999 _c102652
_d102652